00833nam a2200181Ia 4500952010400000999001700104008004100121050002300162100004300185245006600228260004400294300003100338504004700369505016600416519004100582650001600623942001200639 00102lcc4070a01b01d2011-08-15l0oHQ1692 M8492 1992p16 000493r2023-07-12t1w2012-10-28yLB c86469d86469121028s9999 xx 000 0 und d aHQ1692bM8492 1992 aCastellanos Magdaleno, Raúlc, autor aCurso Moderno de Redacciónc / Raúl Castellanos Magdaleno aMéxicob: Edición de Pruebac, 1992 a197 pág.b; il.c; 20 cm aIncluye Referencias Bibliograficas.(p.197) aI. La comunicación II. La comunicación lingüística III. Las palabras, unidades de significación IV. La oración, unidad de sentido y de comunicación aMaterial complementario /d16 000493 0aREDACCIÓN 2lcccLB